01242nam a2200301 a 4500090001000000001000800010005001700018008004100035010001700076020002200093020002200115040001800137050002100155082002200176245008300198250001200281260005000293300003300343500016300376504005100539650001200590730002900602856008900631906004500720942001200765999001700777952014600794 c10072346961120201124142117.0931214s1994 enka b 001 0 eng  a 93027616  a0415069572 (hard) a0415069580 (pbk.) aDLCcDLCdDLC00aBF371b.A72 1994 222a153.12 bTHE00aTheoretical aspects of memory /cEdited by Peter Morris and Michael Gruneberg. a2nd ed. aLondon ;aNew York :bRoutledge,1994.cc1994. axi, 318 p. :bill. ;c23 cm. aWith Aspects of memory. Volume 1, The practical aspects (London ; New York : Routledge, 1992) forms the 2nd ed. of Aspects of memory (London : Methuen, 1978). aIncludes bibliographical references and index. 0aMemory.0 aAspects of memory.97097423Publisher descriptionuhttp://www.loc.gov/catdir/enhancements/fy0648/93027616-d.html a7bcbccorignewd2eocipf19gy-gencatlg 2ddccBB c10072d10072 00102ddc4070aMAINbMAINcLOWd2008-08-04ePurchaseg13480.00l4m5o153.12 THEp000013480r2025-07-15 00:00:00s2020-10-25v2008.00ybb